000 00366pab a2200157 454500
008 180718b2011 xxu||||| |||| 00| 0 eng d
100 _aJuffras, Jason
245 _aState fiscal panels can't cure the budget blues
260 _c2011
300 _ap.10-13.
362 _aSummer
650 _aBudgets
773 _aPublic Manager
908 _aN
909 _a92455
999 _c92455
_d92455